|
|
|
|
| LEADER |
00000nab a2200000 a 4500 |
| 001 |
vtls010258315 |
| 003 |
SK-MaSNL |
| 005 |
20260416123920.0 |
| 008 |
25050722c2008 xo o |||||||||||||||slol |
| 015 |
|
|
|a SNBRB2009/05
|
| 035 |
|
|
|a SVKKK000095704
|
| 035 |
|
|
|a urn:nbn:sk:snk-abd60r
|
| 035 |
|
|
|a (urnnbn)urn:nbn:sk:snk:ar-004onz
|
| 035 |
|
|
|a (uuid)93d62a9c-7e0f-432e-a163-94c344f52997
|
| 038 |
|
|
|a SVKKK
|
| 040 |
|
|
|a SNKBUCL
|b slo
|c SNKBUCL
|e AACR2
|
| 041 |
0 |
|
|a slo
|b eng
|b slo
|
| 044 |
|
|
|a xo
|c SK
|
| 080 |
|
|
|a 669.15-147
|2 1997
|
| 080 |
|
|
|a 621.74.047
|2 1997
|
| 080 |
|
|
|a 620.18
|2 1997
|
| 100 |
1 |
|
|a Mišičko, Rudolf,
|d 1948-
|4 aut
|9 1637096
|
| 245 |
1 |
0 |
|a Štruktúrne prejavy krehnutia oceľových kontiodliatkov
|c R. Mišičko
|
| 246 |
3 |
1 |
|a Embrittlement of continuously cast steel products and its microstructural effects
|
| 300 |
|
|
|b Obr., tab.
|
| 504 |
|
|
|a Bibliogr. odkazy
|
| 504 |
|
|
|a Res. angl., slov.
|
| 650 |
0 |
7 |
|a oceľové kontiodliatky
|x krehnutie
|x povrchové trhliny
|x metalografická analýza
|2 snkbucl
|9 1487331
|
| 650 |
0 |
7 |
|a plynulé liatie
|2 snkbucl
|9 50951
|
| 773 |
0 |
|
|t Acta metallurgica slovaca
|g Roč. 14, č. 1 (2008), s. 50-58
|x 1335-1532
|
| 850 |
|
|
|a Slovenská národná knižnica
|
| 852 |
|
|
|a Slovenská národná knižnica
|
| 954 |
|
|
|a odborná, vedecká literatúra pôvodná (slovenská)
|2 lita
|
| 958 |
|
|
|a article17
|
| 958 |
|
|
|a NB
|
| 958 |
|
|
|a OND
|
| 958 |
|
|
|a EUIPO
|
| 999 |
|
|
|c 2973605
|d 2975535
|